Normal view
MARC view
Entry Topical Term
001 - CONTROL NUMBER
- control field: 15813
003 - CONTROL NUMBER IDENTIFIER
- control field: BD-RjUL
005 - DATE AND TIME OF LATEST TRANSACTION
- control field: 20250626154027.0
008 - FIXED-LENGTH DATA ELEMENTS
- fixed length control field: 250626|| aca||aabn | a|a d
040 ## - CATALOGING SOURCE
- Original cataloging agency: BD-RjUL
- Transcribing agency: BD-RjUL
150 ## - HEADING--TOPICAL TERM
- Topical term or geographic name entry element: Urdu poetry
- Form subdivision: Symbolism
670 ## - SOURCE DATA FOUND
- Source citation: Work cat.: (BD-RjUL)85076: خم ابرو ;; khim i Abru /, 1962